| 000 | 00477nam a2200181Ia 4500 | ||
|---|---|---|---|
| 008 | 120924t2008 xxu||||| |||| 00| 0 sin d | ||
| 041 | _asin | ||
| 080 |
_a8 - 31 (eng) _bPAN |
||
| 100 | _aGide,Andre | ||
| 245 | _aඛේද සංධවනිය | ||
| 246 | _aKeda Sandhvaniya | ||
| 260 |
_aFast Publishers _aColombo _c2008 |
||
| 300 | _b187p, 21 cm | ||
| 700 |
_aPannawansa Himi,Mandawala _etr. |
||
| 942 | _cBK | ||
| 999 |
_c41601 _d41601 |
||
| 003 | LK-CoDNM | ||
| 040 |
_aLK-CoDNM _dLK-CoDNM _eLK-CoDNM |
||